日本の都市人口ランキング - Statistics

General Stats
  • This quiz has been taken 667 times
  • The average score is 10 of 10
Answer Stats
Hint 答え % Correct
9,733,276 東京23区
99%
2,752,412 大阪
99%
3,777,491 横浜
98%
2,332,176 名古屋
97%
1,973,395 札幌
97%
1,612,392 福岡
97%
1,324,025 さいたま
94%
1,463,723 京都
93%
1,525,152 神戸
92%
1,538,262 川崎
91%
No matching quizzes found
Score Distribution
Percent of People with Each Score
Percentile by Number Answered
Your Score History
You have not taken this quiz